| 000 | 00378nam a2200133Ia 4500 | ||
|---|---|---|---|
| 008 | 150202s9999 xx 000 0 und d | ||
| 020 | _a380794470 | ||
| 050 |
_aFIC _bFIC |
||
| 100 | _aPhilips, Susan Elizabeth. | ||
| 245 |
_aDream a little dream / _cSusan Elizabeth Philips. |
||
| 260 |
_aNew York : _bAvon Books, _c1938. |
||
| 300 |
_a390 pages : _c18 cm. |
||
| 650 | _aFiction. | ||
| 999 |
_c282309 _d282309 |
||